Quizzes
Events
Quiz Creation
Community
Videos
Private Events
Remove Ads
Sign In
Join for FREE
Feedback
Dark Mode
Quiz Categories
Sports
Geography
Music
Movies
Television
Just For Fun
Miscellaneous
History
Literature
Language
Science
Gaming
Entertainment
Religion
Holiday
For Kids
Quiz Lab
Recent
Popular Today
Quiz Kudos Today
Editor Picks
Curator Picks
Quizzes by...
Day
Popularity
Type
Ratings
Length
Year
Community
Subscriptions
Recent Discussions
Orange Saloon
Badges
Playlists
Quests
Create
Leaderboards
Showdown
Live 5
Trivia Bingo
Activity
Puzzle Library
Sporcle Events
Private Events
Virtual Trivia
Globe League
Become a Host
Pub Owners
SporcleCon
Opinionation
Our Games
Videos
Blog
Mobile Apps
Partnerships
Remove Ads and Go Orange
Feedback
Sports
Athletes
MLB
NBA
NHL
NFL
Soccer
Sports Teams
WWE
NCAA
Football
Premier League
Basketball
Baseball
Hockey
Golf
Tennis
Cricket
Rugby
Auto Racing
Olympics
World Cup
Sports
Athletes
MLB
NBA
NHL
NFL
Soccer
Sports Teams
WWE
NCAA
Football
Premier League
Basketball
Baseball
Hockey
Golf
Tennis
Cricket
Rugby
Auto Racing
Olympics
World Cup
Random Quiz
Search Sporcle
×
Quiz Lab
Quiz Lab
Sports
pittsburgh
Type in answers that appear in a list
Type in answers that appear in a list
Classic
Best Score? Go Orange.
Pittsburgh Penguins from 2005-2017 Stats
Can you name the Pittsburgh Penguins players who played at least ONE game for them since 2005?
By
joeym3546
20m
202 Questions
275 Plays
275 Plays
275 Plays
Comments
Comments
Give Quiz Kudos
Give Quiz Kudos
-
- Ratings
hide this ad
Replay
Link that replays current quiz
Next Quiz
Link to next quiz in quiz playlist
You Got
0%
They Got
Avg Score
36%
Avg Friend Score
Upgrade to see
Score Distribution
Jump to the score distribution portion of the page
Score
0/202
Timer
20:00
0
Plays Today
Year
Player
% Correct
2005-
2006
Sidney Crosby
97.8%
2006-
2007
Evgeni Malkin
96.4%
2005-
2006
Marc-Andre Fleury
92.4%
2015-
2016
Matt Murray
91.3%
2006-
2007
Kris Letang
90.9%
2012-
2013
Doug Murray
90.2%
2015-
2016
Phil Kessel
87.6%
2008-
2009
Chris Kunitz
85.5%
2006-
2007
Jordan Staal
83.6%
2014-
2015
Bryan Rust
81.1%
2005-
2006
Mario Lemieux
80.7%
2014-
2015
Patric Hornqvist
79.3%
2007-
2008
Pascal Dupuis
78.9%
2015-
2016
Conor Sheary
78.5%
2016-
2017
Jake Guentzel
76.9%
2009-
2010
Brent Johnson
76.7%
2015-
2016
Nick Bonino
76.7%
2010-
2011
James Neal
76%
2009-
2010
Nick Johnson
75.6%
2015-
2016
Carl Hagelin
75.6%
2005-
2006
Sergei Gonchar
74.5%
2013-
2014
Olli Maatta
73.5%
2005-
2006
Brooks Orpik
73.1%
2005-
2006
Max Talbot
69.8%
2012-
2013
Jarome Iginla
69.8%
2007-
2008
Marian Hossa
68.4%
2015-
2016
Justin Schultz
68.4%
2015-
2016
Trevor Daley
68%
2015-
2016
Matt Cullen
67.6%
2008-
2009
Matt Cooke
66.5%
2008-
2009
Bill Guerin
65.5%
2014-
2015
Ian Cole
64.7%
2010-
2011
Matt Niskanen
63.6%
2013-
2014
Jeff Zatkoff
62.9%
2008-
2009
Ben Lovejoy
62.5%
2005-
2006
Mark Recchi
62.2%
2007-
2008
Tyler Kennedy
62.2%
2016-
2017
Ron Hainsey
62.1%
2005-
2006
Colby Armstrong
60.7%
2008-
2009
Craig Adams
60.7%
2008-
2009
Miroslav Satan
60%
2005-
2006
Rob Scuderi
59.3%
2012-
2013
Brandon Sutter
59.3%
2014-
2015
Derrick Pouliot
58.9%
2007-
2008
Hal Gill
58.2%
2012-
2013
Beau Bennett
58.2%
2007-
2008
Petr Sykora
57.8%
2008-
2009
Ruslan Fedotenko
57.5%
2010-
2011
Paul Martin
56.7%
2014-
2015
Scott Wilson
56.4%
2005-
2006
Ryan Whitney
55.6%
2012-
2013
Brendan Morrow
55.3%
2012-
2013
Tomas Vokoun
54.5%
2015-
2016
Tom Kuhnhackl
53.8%
2014-
2015
David Perron
53.5%
2016-
2017
Mark Streit
51.8%
2005-
2006
Ryan Malone
51.6%
2010-
2011
Alex Kovalev
51.6%
2016-
2017
Chad Ruhwedel
50.7%
2007-
2008
Alex Goligoski
50.2%
2007-
2008
Nathan Smith
50.2%
2012-
2013
Trevor Smith
50.2%
2012-
2013
Jussi Jokinen
49.1%
2005-
2006
John Leclair
48%
2008-
2009
Matheiu Garon
48%
2015-
2016
Eric Fehr
48%
2006-
2007
Mark Eaton
47.3%
2011-
2012
Simon Despres
46.9%
Year
Player
% Correct
2013-
2014
Brian Dumolin
46.9%
2016-
2017
Carter Rowney
45.5%
2015-
2016
Oskar Sundqvist
45.1%
2005-
2006
Ziggy Palffy
44.7%
2008-
2009
Eric Godard
44%
2009-
2010
Deryk Engelland
43.6%
2015-
2016
Daniel Sprong
43.3%
2006-
2007
Gary Roberts
41.8%
2011-
2012
Robert Bortuzzo
41.8%
2015-
2016
Dominik Simon
40.9%
2014-
2015
Tomas Greiss
40.4%
2008-
2009
Philippe Boucher
40%
2014-
2015
Steve Downie
40%
2010-
2011
Joe Vitale
39.3%
2005-
2006
Sebastien Caron
38.2%
2011-
2012
Steve Sullivan
38.2%
2014-
2015
Blake Comeau
38.2%
2016-
2017
Cameron Gaunce
37.9%
2010-
2011
Arron Asham
37.8%
2006-
2007
Georges Laraque
37.5%
2015-
2016
Josh Archibald
37.5%
2005-
2006
Erik Christensen
37.1%
2015-
2016
Kevin Porter
37.1%
2014-
2015
Nick Spaling
36.7%
2015-
2016
Sergei Plotnikov
36.3%
2007-
2008
Ty Conklin
36%
2005-
2006
Dick Tarnstrom
34.5%
2010-
2011
Zbynek Michalek
34.5%
2009-
2010
Mark Letestu
33.8%
2016-
2017
Steve Oleksy
33.3%
2015-
2016
Tom Sestito
33%
2014-
2015
Daniel Winnik
32.7%
2006-
2007
Jarkko Ruutu
32%
2016-
2017
Mike Condon
30.6%
2005-
2006
Jocelyn Thibault
30.5%
2007-
2008
Darryl Sydor
30.2%
2009-
2010
Eric Tangradi
30.2%
2005-
2006
Rico Fata
29.8%
2009-
2010
Alexei Ponikarovsky
29.8%
2013-
2014
Phil Samuelsson
29.8%
2014-
2015
Taylor Chorney
29.1%
2008-
2009
John Curry
28.7%
2005-
2006
Michel Ouellet
28.4%
2015-
2016
Adam Clendening
27.9%
2007-
2008
Adam Hall
27.6%
2008-
2009
Michael Zigomanis
27.6%
2013-
2014
Lee Stempniak
27.6%
2012-
2013
Tanner Glass
26.9%
2011-
2012
Jason Williams
26.5%
2015-
2016
David Warsofsky
26.1%
2013-
2014
Jayson Megna
25.8%
2011-
2012
Richard Park
25.5%
2008-
2009
Luca Caputi
25.1%
2016-
2017
Frank Corrado
24.5%
2008-
2009
Dustin Jeffery
24.4%
2005-
2006
Richard Jackman
23.6%
2005-
2006
Dany Sabourin
23.6%
2007-
2008
Kris Beech
23.6%
2009-
2010
Chris Conner
23.3%
2008-
2009
Paul Bissonnette
22.9%
2013-
2014
Marcel Goc
22.9%
2005-
2006
Tomas Surovy
22.5%
2005-
2006
Konstantin Koltsov
22.5%
2009-
2010
Jordan Leopold
21.8%
2014-
2015
Rob Klinkhammer
20.7%
2005-
2006
Josef Melichar
20.4%
2005-
2006
Noah Welch
20.4%
2010-
2011
Mike Comrie
20.4%
Year
Player
% Correct
2014-
2015
Scott Harrington
20.4%
2010-
2011
Brian Strait
20%
2006-
2007
Dominic Moore
19.3%
2007-
2008
Connor James
19.3%
2009-
2010
Mike Rupp
19.3%
2009-
2010
Jay McKee
18.9%
2007-
2008
Chris Minard
18.5%
2008-
2009
Bill Thomas
18.5%
2013-
2014
Brian Gibbons
18.5%
2014-
2015
Christian Ehrhoff
18.5%
2014-
2015
Dominik Uher
18.2%
2005-
2006
Matt Murley
17.5%
2005-
2006
Jani Rita
16.7%
2013-
2014
Andrew Ebbett
16.7%
2005-
2006
Eric Cairns
16.4%
2007-
2008
Ryan Stone
16.4%
2009-
2010
Nate Guenin
16.4%
2005-
2006
Andy Hilbert
16%
2014-
2015
Bobby Farnham
16%
2007-
2008
Tim Brent
14.9%
2013-
2014
Zach Sill
14.9%
2005-
2006
Shane Endicott
14.5%
2005-
2006
Alain Nasreddine
14.5%
2014-
2015
Maxim Lapierre
14.5%
2011-
2012
Colin McDonald
14.2%
2005-
2006
Andre Roy
13.8%
2010-
2011
Brett Sterling
13.8%
2011-
2012
Carl Sneep
13.8%
2011-
2012
Steve Macintyre
13.8%
2007-
2008
Jeff Taffe
12.7%
2007-
2008
Jonathan Filewich
12.4%
2012-
2013
Zach Boychuk
12.4%
2013-
2014
Chuck Kobasew
12%
2010-
2011
Corey Potter
11.6%
2009-
2010
Martin Skoula
10.9%
2005-
2006
Matt Hussey
10.5%
2006-
2007
Chris Thorburn
10.5%
2012-
2013
Dylan Reese
10.5%
2013-
2014
Taylor Pyatt
10.5%
2006-
2007
Micki Dupont
10.2%
2010-
2011
Ryan Craig
10.2%
2011-
2012
Alex Picard
10.2%
2011-
2012
Cal O'Reilly
10.2%
2009-
2010
Alex Pechurskiy
9.8%
2006-
2007
Nils Ekman
9.5%
2006-
2007
Ronald Petrovicky
9.1%
2009-
2010
Chris Bourque
9.1%
2013-
2014
Pierre-Luc Letourneau-Leblond
8.4%
2008-
2009
Tim Wallace
7.6%
2005-
2006
Lyle Odelein
7.3%
2005-
2006
Guillaume Lefebvre
7.3%
2013-
2014
Matt D'Agostini
7.3%
2005-
2006
Lasse Pirjeta
6.9%
2005-
2006
Niklas Nordgren
6.5%
2013-
2014
Adam Payerl
6.5%
2014-
2015
Mark Arcobello
6.5%
2005-
2006
Ryan Vandenbussche
6.2%
2013-
2014
Harry Zolnierczyk
5.8%
2005-
2006
Eric Boguniecki
5.5%
2005-
2006
Steve Poapst
5.5%
2005-
2006
Cory Cross
5.5%
2006-
2007
Joel Kwiatkowski
5.5%
2006-
2007
Karl Stewart
4.4%
2010-
2011
Andrew Hutchinson
4%
2013-
2014
Nick Drazenovic
4%
2015-
2016
Kael Mouillierat
2.7%
Quiz Playlist
Details
Report
Send in Message
Add To Playlist
Classic:
Type in answers that appear in a list
Last Updated: Mar 22, 2017
Quiz Scoreboard
CHALLENGE
Sign Up to Join the Scoreboard
Show All
Scores
Hide
Comments
May contain spoilers
Recently Published
9x9 Crossword: Cartoon Network
by jackfrog10
Miscellaneous
3m
College Basketball Coaching Resumes
by pancakes188
Sports
9m
Billboard Blitz: Fleetwood Mac
by CooCooCachoo
Music
15s
More to Explore
Quiz From the Vault
Featured Blog Post
Where Did the Easter Bunny Come From?
hide this ad
You Might Also Like...
Tags
1990s
Leader
minute
Penalty
penguin
pittsburgh
Pittsburgh Penguins
Player
Today's Top Quizzes in Sports
Browse Sports
hide this ad
Today's Top Quizzes in pittsburgh
Browse pittsburgh
Top Contributed Quizzes in Sports
1
2022 World Cup Stars
2
Les meilleurs buteurs des matchs entre le PSG et l’OM
3
FIFA Club World Cup Champions
4
Les entraîneurs de l'OM et du PSG au 21e siècle
5
Criteria MLB: Left Handed Sluggers
6
AFC Teams Reveal (Wrong Answers Minefield)
7
2023 MLB Unique Player Accomplishments
8
5-to-1: FBS Animal Nicknames
9
Players with Multiple 50 Home Run Seasons
10
5-to-1: UK Sports Teams
Explore More
Trending Topics
Harry Potter
Anime
Disney
NBA
Marvel
Kpop
Crossword
Soccer
Puzzle
Country
The Office
Song
WWE
NFL
Pokémon
hide this ad
More By:
joeym3546
Quiz
Plays
Rating
Category
Featured
Created
Pittsburgh Pirates Home Run leaders by year
462
5.00
Sports
Apr 6, 2016
Pittsburgh Penguins from 2005-2017
275
4.50
Sports
Mar 9, 2016
Pittsburgh Pirates Top Batting Average
245
3.00
Sports
Oct 7, 2014
Pittsburgh Penguins 20 Goal Scorers
243
5.00
Sports
Mar 8, 2016
100 Rock Songs
200
1.00
Music
Oct 6, 2014
Go to Creator's Profile
Score Distribution
Quiz Creator Spotlight
joeym3546
Follow
Send a Message
Quizzes Created
-
Created Quiz Play Count
-
More By This Creator
Popular Quizzes Today
1
Find the US States - No Outlines Minefield
2
Find the Countries of Europe - No Outlines Minefield
3
The Countries of the World
4
Find the US States
5
Risky Map Clicking: Biggest States A-Z
6
US States
7
Popular People in 1961
8
Movies - When Are They Set?
More Sports Quizzes
Ligue 1 Golden Boot Runners Up
Quiz Lab
Trending Quizzes
Risky Map Clicking: Least Populous States A-Z
1-10 Letter G Words
1-10 Letter F Words
Risky Map Clicking: Next State Alphabetically
Adjectives in 80s TV Shows
Recently Updated
Leaping Animals
pecheneg
Reality TV Shows (A-Z)
bhenderson79
Rickey Henderson's Hall of Fame Teammates
pecheneg
Champions League XIs: Arsenal
pecheneg
Quick Pick: Celebrities in WWE's Hall of Fame
aduchscher
A-Z Keypad Blitz II
pecheneg
Multiple Oscar Actors
pecheneg
Mystery Phrase Blitz: Oscar 'Best Actors'
pecheneg
F. Scott Fitzgerald Novels
LTH
Pick 3 Villains
ddd62291
Trending Topics
Crossword
Disney
NBA
Anime
Harry Potter
Marvel
Kpop
NFL
Song
Puzzle
Country
WWE
Soccer
The Office
Pokémon
Your Account Isn't Verified!
In order to create a playlist on Sporcle, you need to verify the email address you used during registration. Go to your
Sporcle Settings
to finish the process.
Report this User
Report this user for behavior that violates our
Community Guidelines
.
Details:
Send Report
Go to the Sporcle.com Mobile Site →
Comments